Country Ending in 'A' per Letter Quiz Stats

Quiz Updated Sep 19, 2017

Challenge
Share
Tweet
Embed
Score 0/19 Timer 02:00
17 Plays Today
First Letter Country % Correct
AAlbania, ...
97.4%
CCambodia, ...
95%
GGeorgia, ...
88.8%
RRomania, ...
83.7%
EEquatorial Guinea, ...
83.1%
BBolivia, ...
82.2%
LLatvia, ...
81.4%
SSt. Lucia, ...
81.3%
MMacedonia, ...
81.2%
NNamibia, ...
79.8%
First Letter Country % Correct
ZZambia
77.7%
IIndia, ...
76.3%
UUganda
72.4%
VVenezuela
69.7%
TTanzania, ...
69.3%
JJamaica
61.8%
PPanama, ...
53.1%
KKenya
52.6%
DDominica
41.6%

You're not logged in!

Compare scores with friends on all Sporcle quizzes.
Sign Up with Email
OR
Log In

You Might Also Like...

Show Comments

Extras

Top Quizzes Today


Score Distribution

Your Account Isn't Verified!

In order to create a playlist on Sporcle, you need to verify the email address you used during registration. Go to your Sporcle Settings to finish the process.